banner-ar

التاريخ الثقافى للتعليم فى مصر / (Record no. 9614)

MARC details
000 -الفاتح
حقل البيانات ثابتة الطول 01536nam a2200349Ia 4500
008 - عناصر البيانات ثابتة الطول - معلومات عامة
حقل البيانات ثابتة الطول 140319s9999 xx 000 0 ara d
020 ## - الرقم الدولى المعيارى للكتب
الرقم الدولى المعيارى للكتاب 1165710977
040 ## - مصدر الفهرسة
وكالة الفهرسة الأصلية GCL /
وكالة النسخ GCL
082 04 - رقم تصنيف ديوى العشرى
رقم التصنيف ق
رقم المادة 370.00962
-- أ ت
100 1# - المدخل الرئيسى - إسم شخصى
الإسم الشخصى احمد اسماعيل حجى
245 10 - بيان العنوان
العنوان التاريخ الثقافى للتعليم فى مصر /
بيان المسئوليه,etc احمد اسماعيل حجى
250 ## - بيان الطبعة
بيان الطبعة الاولى
260 ## - PUBLICATION, DISTRIBUTION, ETC. (IMPRINT)
تاريخ النشر أو التوزيع 2002
300 ## - الوصف المادى
التعداد 372 ص ؛
أبعاد الوعاء 24 سم
650 04 - المدخل الاضافى بالموضوع-مصطلح موضوعى
مصطلح موضوعي التعليم - اغراضه واهدافه - مصر
650 04 - المدخل الاضافى بالموضوع-مصطلح موضوعى
مصطلح موضوعي التعليم - تاريخ - مصر
650 04 - المدخل الاضافى بالموضوع-مصطلح موضوعى
مصطلح موضوعي التعليم - تاريخ - مصر القديمة
650 04 - المدخل الاضافى بالموضوع-مصطلح موضوعى
مصطلح موضوعي طرق التدريس - مصر
650 04 - المدخل الاضافى بالموضوع-مصطلح موضوعى
مصطلح موضوعي التعليم الابتدائى - تاريخ - مصر
650 04 - المدخل الاضافى بالموضوع-مصطلح موضوعى
مصطلح موضوعي التعليم الثانوى - تاريخ - مصر
650 04 - المدخل الاضافى بالموضوع-مصطلح موضوعى
مصطلح موضوعي المدرسون - مصر
650 04 - المدخل الاضافى بالموضوع-مصطلح موضوعى
مصطلح موضوعي المدرسون - تنظيم وادارة - مصر
650 04 - المدخل الاضافى بالموضوع-مصطلح موضوعى
مصطلح موضوعي التعليم الجامعى - تاريخ - مصر
650 04 - المدخل الاضافى بالموضوع-مصطلح موضوعى
مصطلح موضوعي التعليم - تاريخ - مصر - الازهر
650 04 - المدخل الاضافى بالموضوع-مصطلح موضوعى
مصطلح موضوعي تكنولوجيا التعليم - مصر
650 04 - المدخل الاضافى بالموضوع-مصطلح موضوعى
مصطلح موضوعي التعليم - تاريخ - مصر - عصر البطالمة
650 04 - المدخل الاضافى بالموضوع-مصطلح موضوعى
مصطلح موضوعي التعليم - تاريخ - مصر - عصر المماليك
650 04 - المدخل الاضافى بالموضوع-مصطلح موضوعى
مصطلح موضوعي التعليم - تاريخ - مصر - العصر العثمانى
650 04 - المدخل الاضافى بالموضوع-مصطلح موضوعى
مصطلح موضوعي التعليم - تاريخ - مصر - عصر محمد على
942 ## - عناصر المدخل الإضافي( كوها)
مصدر التصنيف او مخطط الترفيف Dewey Decimal Classification
Koha [default] item type كتاب
260 ## - PUBLICATION, DISTRIBUTION, ETC. (IMPRINT)
-- القاهرة :
-- دار الفكر العربى ،
Holdings
حالة التراجع حالة الفقد حالة تلف ليس للاعارة المكان المؤقت الموقع الحالى تاريخ الاكتساب اجمالي اﻻعارات رقم الطلب الباركود تاريخ اخر مشاهدة تاريخ تفعيل السعر نوع وعاء كوها
        مكتبة القاهرة الكبرى مكتبة القاهرة الكبرى 03/26/2014   ق\370.00962\أ ت 19991 03/26/2014 03/26/2014 كتاب
        مكتبة القاهرة الكبرى مكتبة القاهرة الكبرى 03/26/2014   ق\370.00962\أ ت 19992 03/26/2014 03/26/2014 كتاب
        مكتبة القاهرة الكبرى مكتبة القاهرة الكبرى 03/26/2014   ق\370.00962\أ ت 19993 03/26/2014 03/26/2014 كتاب

Powered By

EGPV